[Event "27th CRO-chT 1A-Men 2018"]
[Site "Biograd"]
[Date "2018.09.16"]
[Round "9.25"]
[White "Beliavsky, Alexander G"]
[Black "Hracek, Zbynek"]
[Result "1/2-1/2"]
[WhiteElo "2540"]
[BlackElo "2557"]
[Annotator "TA"]
[PlyCount "39"]
[EventDate "2018.09.08"]
[EventType "team-tourn"]
[EventCountry "CRO"]
[SourceTitle "playchess.com"]
[Source "ChessBase"]
[SourceQuality "1"]

{[%evp 18,19,2,0]} 1. d4 d5 2. c4 e6 3. Nf3 Nf6 4. g3 Bb4+ 5. Bd2 Be7 6. Bg2 O-O 7. O-O Nbd7 8. Qc2 c6 9. Bf4 b6 10. Rd1 {LiveBook: 771 Games} {Predecessor:} Bb7 $146 11. Ne5 Rc8 12. Nc3 Nh5 13. Bc1 Nhf6 14. e4 Bb4 15. Bg5 Qc7 16. Nxd7 Nxd7 17. a3 Bxc3 18. Qxc3 dxc4 19. Bf4 Qd8 20. Bd6 {0-1 (76) Dominguez Perez,L (2739)-Caruana,F (2822) Saint Louis 2018} 1/2-1/2

[Event "27th CRO-chT 1A-Men 2018"]
[Site "Biograd"]
[Date "2018.09.16"]
[Round "9.26"]
[White "Leventic, Ivan"]
[Black "Sebenik, Matej"]
[Result "1/2-1/2"]
[WhiteElo "2411"]
[BlackElo "2570"]
[Annotator "TA"]
[PlyCount "26"]
[EventDate "2018.09.08"]
[EventType "team-tourn"]
[EventCountry "CRO"]
[SourceTitle "playchess.com"]
[Source "ChessBase"]
[SourceQuality "1"]

{[%evp 13,19,14,33,6,15,0,-4,-1]} 1. e4 e5 2. Nf3 Nf6 3. Nxe5 d6 4. Nf3 Nxe4 5. Qe2 Qe7 6. d3 Nf6 7. Nc3 c6 {LiveBook: 46 Games. C42: Petroff Defence: 3 Nxe5 and unusual White 3rd moves} (7... Qxe2+ 8. Bxe2 g6 9. Bg5 Bg7 10. O-O-O O-O 11. Rhe1 h6 12. Bh4 Nc6 13. d4 a6 14. a3 Bd7 15. d5 Na7 16. Nd4 {½-½ (65) So,W (2799)-Caruana,F (2784) Berlin 2018}) 8. Qxe7+ Bxe7 9. Be2 O-O 10. O-O {Predecessor:} Nbd7 $146 11. Bd2 Nc5 12. Rae1 Re8 13. Bd1 Bg4 {½-½ (13) Foisor,C (2412)-Makropoulou,M (2250) Belgrade 2008} 1/2-1/2

[Event "27th CRO-chT 1A-Men 2018"]
[Site "Biograd"]
[Date "2018.09.16"]
[Round "9.27"]
[White "Tica, Sven"]
[Black "Zivkovic, Vjekoslav"]
[Result "1/2-1/2"]
[WhiteElo "2442"]
[BlackElo "2358"]
[Annotator "TA"]
[PlyCount "22"]
[EventDate "2018.09.08"]
[EventType "team-tourn"]
[EventCountry "CRO"]
[SourceTitle "playchess.com"]
[Source "ChessBase"]
[SourceQuality "1"]

{[%evp 21,22,0,19]} 1. Nf3 g6 2. g3 Bg7 3. Bg2 Nf6 4. O-O O-O 5. d4 d5 6. c4 c6 7. cxd5 cxd5 8. Nc3 e6 9. Ne5 Nfd7 $146 ({Predecessor:} 9... Bd7 10. Bg5 h6 11. Bf4 Nc6 12. Qd2 Kh7 13. Rfd1 Nh5 14. e4 Nxf4 15. Qxf4 dxe4 16. Nxe4 Qe7 17. h4 Rad8 18. h5 gxh5 19. Rac1 Be8 {0-1 (30) Mamedyarov,S (2799)-Artemiev,V (2691) Moscow 2017}) 10. Nf3 Nf6 11. Ne5 Nfd7 {LiveBook: 1061 Games. D79: Fianchetto Grünfeld: Symmetrical Variation (6 0-0 c6 7 cxd5 cxd5)} 1/2-1/2

[Event "27th CRO-chT 1A-Men 2018"]
[Site "Biograd"]
[Date "2018.09.16"]
[Round "9.28"]
[White "Mrkonjic, Nenad"]
[Black "Golubovic, Boris"]
[Result "1/2-1/2"]
[WhiteElo "2352"]
[BlackElo "2386"]
[Annotator "TA"]
[PlyCount "19"]
[EventDate "2018.09.08"]
[EventType "team-tourn"]
[EventCountry "CRO"]
[SourceTitle "playchess.com"]
[Source "ChessBase"]
[SourceQuality "1"]

{[%evp 9,19,7,4,0,15,7,13,13,16,0,8,0]} 1. d4 d5 2. Nf3 Nf6 3. Bf4 Bf5 4. e3 e6 5. Be2 Bd6 {LiveBook: 8 Partien. Die Stellung ist ausgeglichen.} 6. Bxd6 {D02: Damenbauernspiele} Qxd6 7. O-O O-O 8. Nbd2 c5 9. c3 cxd4 $146 ({Vorgänger:} 9... Nc6 10. Qa4 Rfd8 11. Qa3 b6 12. Rac1 {½-½ (54) Zurek,M (2450)-Hracek,Z (2610) Pardubice 1998}) 10. cxd4 1/2-1/2